Célèbre chanson traduite en Français.#1 - Statistiques

Statistiques générales
  • Ce quiz a été pris 470 fois
  • Le résultat moyen est 5 sur 10
Statistiques - réponses
Paroles Titre / artiste % Correct
Ra-ra-ah-ah-ah-ah ! Roma-roma-mamaa ! Ga-ga-ooh-la-la ! Veut ta mauvaise romance Bad romance / Lady Gaga
89%
Parce que je suis heureux Viens si tu te sens comme une pièce sans toit Parce que je suis heureux Claque des mains si tu te sens comme si le bonheur était la seule chose de vrai Happy / Pharell Williams
77%
Maman,oooh Je ne voulais pas te faire pleurer Si je ne suis pas de retour demain à cette heure Continue, continue, comme si rien n'était vraiment grâve Bohemian Rhapsody / Queen
70%
Comme une vierge, hé Touchée pour la toute première fois Comme une vierge quand ton coeur bat à côté du mien Like a Virgin / Madonna
64%
Mais, si - Tu penses - A ça mon bébé Il m'importe si tu es - Noir ou blanc Black or white / Michael Jackson
61%
Les briseurs de coeur vont briser, briser, briser Et les menteurs vont mentir, mentir, mentir Et moi bébé, je vais juste me mettre à bouger, bouger, bouger Je vais secouer, je vais secouer Shake it off / Taylor Swift
53%
Encore une fois, nous allons célébrer, oh ouai, n'arrêtons pas de danser Encore une fois Mmmmmmmmm One more time / Daft Punk
38%
Je n'veux pas être un américain idiot Je n'veux pas d'une nation soumise à ces médias. Et peux-tu entendre le son de l'hysterie ? L'esprit subliminal encule l'Amérique American Idiot / Green Day
31%
Doucement Je veux respirer ton cou lentement Laisse moi te dire des choses à l'oreille pour que tu t'en souvienne si tu n'es pas avec moi Despacito / Luis Fonsi
26%
Je veux simplement ressentir Un amour vrai remplir la maison dans laquelle je vis Car j'ai bien trop de vie Qui coule dans mes veines En pure perte Feel / Robbie Williams
18%
Aucun quiz correspondant
Distribution des résultats
% des personnes avec chaque résultat
Percentile par nombre de réponses
Votre historique - résultats
Vous n’avez pas pris ce quiz